Cool castles (Record no. 2396)

MARC details
000 -LEADER
fixed length control field 00879cam a22002774a 4500
005 - DATE AND TIME OF LATEST TRANSACTION
control field 20231123133831.0
020 ## - INTERNATIONAL STANDARD BOOK NUMBER
International Standard Book Number 978545568777
040 ## - CATALOGING SOURCE
Original cataloging agency DLC
Transcribing agency DLC
Modifying agency DLC
Language of cataloging eng
050 00 - LIBRARY OF CONGRESS CALL NUMBER
Classification number U311.K46
082 00 - DEWEY DECIMAL CLASSIFICATION NUMBER
Classification number 688
100 1# - MAIN ENTRY--PERSONAL NAME
Personal name Kenney, Sean
245 10 - TITLE STATEMENT
Title Cool castles
Statement of responsibility, etc. Kenny, Sean
250 ## - EDITION STATEMENT
Edition statement First Scholastic printing, February 2013
260 ## - PUBLICATION, DISTRIBUTION, ETC.
Name of publisher, distributor, etc. Scholastic
Date of publication, distribution, etc. 2012
300 ## - PHYSICAL DESCRIPTION
Extent 32 pages
Other physical details Color illustrations
Dimensions 21 cm
505 ## - FORMATTED CONTENTS NOTE
Formatted contents note R <br/>
520 ## - SUMMARY, ETC.
Summary, etc. Provides instructions for using bricks from off-the-shelf LEGO products to create medieval scenes.
521 ## - TARGET AUDIENCE NOTE
Target audience note 720 NC <br/><br/>
Source Lexile <br/>
521 ## - TARGET AUDIENCE NOTE
Target audience note R <br/>
Source Raz-Plus <br/>
650 #0 - SUBJECT ADDED ENTRY--TOPICAL TERM
Topical term or geographic name entry element Castles
General subdivision Models
Form subdivision Juvenile literature.
650 #0 - SUBJECT ADDED ENTRY--TOPICAL TERM
Topical term or geographic name entry element LEGO toys
Form subdivision Juvenile literature.
650 #0 - SUBJECT ADDED ENTRY--TOPICAL TERM
Topical term or geographic name entry element Military miniatures
Form subdivision Juvenile literature.
906 ## - LOCAL DATA ELEMENT F, LDF (RLIN)
a 7
b cbc
c orignew
d 1
e ecip
f 20
g y-gencatlg
942 ## - ADDED ENTRY ELEMENTS (KOHA)
Source of classification or shelving scheme Dewey Decimal Classification
Koha item type Books
Suppress in OPAC No
999 ## -
-- 2396
-- 2396
Holdings
Withdrawn status Lost status Source of classification or shelving scheme Damaged status Not for loan Collection Home library Current library Shelving location Date acquired Total Checkouts Full call number Barcode Date last seen Date last checked out Price effective from Koha item type
    Dewey Decimal Classification     Non-Fiction Footprints International School Library Network Toul Kork Campus Footprints International School Library Network Toul Tom Poung Campus   11/23/2023 2 KEN 688.7 U311.K46 FISBK02133 05/23/2025 05/09/2025 11/23/2023 Books